¿Qué significa: humanización de la escuela? (Record no. 79599)

MARC details
000 -CABECERA
campo de control de longitud fija 00622nam a2200217 a 4500
005 - FECHA Y HORA DE LA ÚLTIMA TRANSACCIÓN
campo de control 20210219153537.0
008 - ELEMENTOS DE LONGITUD FIJA--INFORMACIÓN GENERAL
campo de control de longitud fija 991125n 000 0 spa u
035 ## - NÚMERO DE CONTROL DEL SISTEMA
Número de control de sistema UPN01000105669
100 ## - ASIENTO PRINCIPAL--NOMBRE PERSONAL
Nombre de persona AURIN, Kurt
222 ## - TÍTULO CLAVE
Título clave EDUCACION : COLECCION SEMESTRAL DE APORTACIONES ALEMANAS RECIENTES EN LAS CIENCIAS PEDAGOGICAS
245 ## - MENCIÓN DE TÍTULO
Título ¿Qué significa: humanización de la escuela?
300 ## - DESCRIPCIÓN FÍSICA
Extensión 116-132
362 ## - FECHAS DE PUBLICACIÓN Y/O DESIGNACIÓN SECUENCIAL
Fecha de publicación y/o designación secuencial 1981 vol. 24
653 0# - TERMINO DE INDIZACION - NO CONTROLADO
Término no controlado COMPORTAMIENTO
653 0# - TERMINO DE INDIZACION - NO CONTROLADO
Término no controlado ESCUELA
653 0# - TERMINO DE INDIZACION - NO CONTROLADO
Término no controlado HOMBRE
653 0# - TERMINO DE INDIZACION - NO CONTROLADO
Término no controlado POLITICA CULTURAL
653 0# - TERMINO DE INDIZACION - NO CONTROLADO
Término no controlado RELACIONES HUMANAS
904 ## - ELEMENTOS DE DATOS D LOCAL, LDD (RLIN)
a AC
b 043480
905 ## - TIPO DE MATERIAL
Tipo de material Articulo

No items available.